000 00376nam a2200157Ia 4500
008 200103s9999||||xx |||||||||||||| ||und||
020 _a9780713667332,
040 _aIMU-MPC
082 _aColumn-1
100 _aEmbleton, William
245 0 _aReed's applied heat for Engineers
250 _aVol. 3
260 _bAdlard Coles Nautical
_c2006
300 _a401
942 _cBK
999 _c2661
_d2661